[Event "Tilburg Fontys"]
[Site "Tilburg"]
[Date "1997.10.07"]
[Round "9"]
[White "Polgar, Judit"]
[Black "Shirov, Alexei"]
[Result "1-0"]
[WhiteElo "2670"]
[BlackElo "2700"]
[Annotator "Winants,L"]
[PlyCount "51"]
[EventDate "1997.09.27"]
[EventType "tourn"]
[EventRounds "11"]
[EventCountry "NED"]
[EventCategory "17"]
[SourceTitle "CBM 061"]
[Source "ChessBase"]
[SourceDate "1997.11.23"]
[SourceVersion "1"]
[SourceVersionDate "1997.11.23"]
[SourceQuality "1"]

1. e4 {Ftacnik} e5 2. Nf3 Nc6 3. Bb5 a6 4. Ba4 Nf6 5. O-O b5 (5... Bc5 6. Nxe5
Nxe5 7. d4 b5 $5) 6. Bb3 Bc5 7. a4 (7. Nxe5 Nxe5 8. d4 Bxd4 9. Qxd4 d6 10. f4
Nc6 $1 {[%cal Yc6a5,Ya5b3] /\ Na5xb3 /^a8-h1} 11. Qc3 Bb7 12. e5 Ne4 13. Qe3
Na5 {[%cal Ya5b3,Gb7h1]} 14. Nd2 Nxb3 15. cxb3 (15. axb3 Nxd2 16. Bxd2 {
1/2-1/2 Svidler,P-Shirov,A/Groningen 28.12.1996}) 15... Nxd2 16. Bxd2 O-O 17.
Bc3 Qh4 18. Rae1 Rfe8 19. Qf2 Qxf2+ 20. Rxf2 dxe5 {1/2-1/2 Anand,V-Topalov,V/
Linares 08.02.1997}) 7... Rb8 (7... Bb7 8. d3 O-O (8... d6 9. Nc3 b4 10. Nd5
Na5 11. Nxf6+ Qxf6 12. Ba2 h6 13. c3 bxc3 14. bxc3 O-O 15. Be3 $14 {Kasparov,
G-Anand,V/PCA-Wch (New York) 1995}) 9. Nc3 Na5 10. axb5 (10. Nxe5 Nxb3 11. cxb3
b4 (11... d5 12. Bg5 dxe4 13. dxe4 b4 14. Nd5 Nxe4 15. Bxd8 Raxd8 16. Qc2 Bxd5
17. Rae1 Rfe8 18. Rxe4 Bxe4 19. Qxe4 Bd4 20. Qb7 Bxe5 21. Qxa6 Bxb2 22. Qc4 Bc3
23. Qxc7 $18 {Kramnik,V-Shirov,A/Rapid, Frankfurt GER (6) 1996}) 12. Ne2 d5 13.
d4 Bd6 14. exd5 Nxd5 15. Ng3 Re8 16. Nc4 Qh4 17. Qd3 Bf4 18. Bd2 Bxd2 19. Qxd2
Nf4 20. f3 Re6 21. Rfe1 Rh6 22. Kf1 Rf6 23. Kg1 Rh6 24. Kf1 Rf6 25. Kg1 Rh6 {
1/2-1/2 Polgar,J-Adams,M/Linares 06.02.1997 1997}) 10... Nxb3 11. cxb3 axb5 12.
Rxa8 Bxa8 13. Nxe5 d5 14. Bg5 (14. Ng4 dxe4 15. Nxf6+ Qxf6 16. dxe4 Rd8 17. Qh5
(17. Qc2 Qg6 18. Be3 Bxe3 19. fxe3 b4 20. Nd5 Qd6 21. Nxc7 Bc6 22. Nd5 Bxd5 23.
Rd1 Qb6 24. Qd2 $16 {Ivanchuk-Anand, Melody Amber rapid 1995}) 17... Qe7 18.
Qf3 Qe6 19. Qh5 Qe7 20. Qf3 Qe6 21. Qh5 {1/2-1/2 Emms,J-Malaniuk,V/Hastings
Masters 1995}) 14... dxe4 15. dxe4 Qxd1 16. Rxd1 b4 17. Nd5 Bxf2+ 18. Kxf2
Nxe4+ 19. Kg1 Nxg5 20. Nd7 Rd8 21. Nxc7 Kh8 22. Nxa8 Rxa8 23. Rd4 Ra1+ 24. Kf2
Rb1 25. Rxb4 Rxb2+ 26. Ke3 h5 27. h4 Ne6 28. g3 Rg2 29. Kf3 Rb2 30. Ke3 Rg2 31.
Kf3 Rb2 32. Ke3 {1/2-1/2 Topalov,V-Shirov,A/6th Amber Blind 30.04.1997}) 8.
axb5 axb5 9. Nxe5 (9. c3 {Ftacnik} Bb6 10. d4 d6 11. dxe5 Nxe5 12. Nxe5 dxe5
13. Qe2 O-O 14. Be3 Qe7 15. Bxb6 Rxb6 16. Nd2 c5 17. Rfd1 c4 18. Bc2 Qc5 19. h3
Be6 {Todorcevic,M-Giorgadze,G/Zaragoza op-A 1995/0-1 (46)}) 9... Nxe5 10. d4
Bxd4 11. Qxd4 {[%csl Gb3,Gc1][%cal Ga1a7]} d6 {[%cal Yc7c4]} 12. f4 (12. c3 {
Ftacnik} O-O 13. Bg5 h6 14. Bh4 c5 15. Bxf6 Qxf6 16. Qe3 Re8 17. Nd2 Bb7 18. f4
Ng6 19. Rae1 c4 20. Bc2 Bc6 21. b3 cxb3 22. Bxb3 Rb7 23. g3 Rbe7 {0-1 Playa,
M-Kazhgaleyev,M/WchJT U26 1997 (35)}) 12... Nc6 (12... Neg4 $6 {Ftacnik} 13. e5
c5 14. Qd1 dxe5 15. Qxd8+ Kxd8 16. fxe5 $36) 13. Qc3 (13. Qd3 O-O 14. Nc3 Nb4
15. Qg3 c5 16. e5 Nh5 17. Qf3 c4 18. Qxh5 cxb3 19. cxb3 dxe5 20. Qxe5 (20. fxe5
Qd4+ 21. Kh1 Nd3) 20... Bb7 $44 {[%csl Gb7,Rc1][%cal Yf8e8]} 21. Rd1 Qc8 {
[%cal Yc8g4,Yc8c6]} 22. Qe2 (22. Qd6 Qg4 23. Rd2 Rbe8 24. Qxb4 Re1+ 25. Kf2
Rfe8 $19) 22... Re8 23. Be3 Qe6 (23... Qc6 24. Rd2) 24. Ba7 Qc6 25. Qf3 Qe6 26.
Qe2 (26. Qg3) 26... Qc6 {1/2-1/2 Leko,P-Shirov,A/Fontys Toernooi 1997}) 13...
Ne7 {[%csl Re4]} (13... Bb7 14. e5 Ne4 15. Qe3 Ne7 16. f5 dxe5 17. Nc3 Nxc3 18.
bxc3 O-O 19. f6 gxf6 20. Ba3 $44 {Lutz,C-Kazhgaleyev,M/32nd ol Erevan 1996} (
20. Ba3 {Ftacnik} Nd5 21. Qh6 Nxc3 22. Bc5 Qd7 23. Rxf6 Ne2+ 24. Kf2 Qg4 25.
Rf3 Bxf3 26. gxf3 Qf4 {Lutz,C-Kazhgaleyev,M/Erevan olm 1996/1/2-1/2 (78)})) 14.
Ra7 (14. e5 Ne4 15. Qe3 Nc5 16. exd6 Qxd6 17. Re1 Nxb3 18. cxb3 Be6 19. Nc3 O-O
20. Ne4 Qd5 21. Bd2 (21. Ng5 {Ftacnik} Rbd8 $14) 21... Nf5 22. Qf2 b4 23. Nc5
Rfd8 24. Na6 Qxd2 25. Qxd2 Rxd2 26. Nxb8 h5 27. Rf1 Rxb2 28. Na6 Ne3 29. Rf2
Rxb3 30. Nxc7 Bc4 31. Rf3 Be2 32. Rg3 Rc3 33. Kf2 Rxc7 34. Rxe3 Bg4 35. Rb1 Rc4
36. Reb3 {1/2-1/2 Illescas Cordoba,M-Shirov,A/Madrid 25.05.1997}) (14. Qd3 O-O
15. Nc3 c5 16. Nxb5 Nxe4 17. Qxe4 Rxb5 18. Ra7 c4 19. Bxc4 d5 20. Qxe7 dxc4 21.
Qxd8 Rxd8 22. Ra8 Rf8 23. Ra4 Be6 24. f5 Bd5 25. Re1 h5 26. h3 Rc8 27. Kh2 h4
28. f6 gxf6 29. b3 f5 30. bxc4 {1/2-1/2 Kasparov,G-Topalov,V/Novgorod 19.06.
1997}) 14... c5 $146 {[%csl Rb3][%cal Yc5c4]} (14... Bb7 15. f5 (15. e5 $5 Ne4
16. Qb4) 15... O-O 16. Bg5 Nxe4 17. Qe3 Nxg5 18. Qxg5 d5 19. f6 Ng6 20. h4 c5
21. h5 c4 22. Kh1 cxb3 23. hxg6 hxg6 24. cxb3 Re8 25. Nd2 d4 26. Qh4 gxf6 27.
Qh6 Re5 28. Kg1 d3 {0-1 Ye Jiangchuan-Tkachiev,V/Geneva Open 20.01.1997}) 15.
e5 Nfd5 (15... Ne4 $5 {Ftacnik} 16. Qd3 (16. Qf3 d5 17. Nc3 (17. Rd1 $2 c4 18.
Ba2 Bg4 $1 $19) 17... c4 18. Ba2 Bg4 19. Rxe7+ Qxe7 20. Qxg4 Qa7+ 21. Kh1 Nf2+
(21... Nxc3 22. bxc3 Qxa2 23. Qxg7 Rf8 24. f5 $18) 22. Rxf2 Qxf2 23. Qd1 $14)
16... Bf5 17. exd6 (17. e6 $2 c4 18. exf7+ Kf8 19. Qe3 cxb3 $19) 17... Nxd6 (
17... c4 18. dxe7 $18) 18. Qe2 c4 19. Ba2 $14) 16. Bxd5 (16. Qg3 {Ftacnik} O-O)
16... Nxd5 17. Qg3 O-O 18. Nc3 (18. f5 $6 {Ftacnik} dxe5 19. Qxe5 Rb7 $15) (18.
Rd1 {Ftacnik} dxe5 19. fxe5 Qb6 20. Ra3 c4+ $15) 18... Ne7 $2 {[%csl Rc1,Rf4,
Gf5][%cal Ye7f5] Shirov have made a great mistake in judgment, the a7 rook and
the weakness of c5 pawn are greatly improving white´s attacking potential.
Shirov hat sich grob verschezt, der a7 Turm und Schwache von c5 Bauer erhibt
weisser Angriffspotencial.} (18... Qb6 19. Nxd5 $1 Qxa7 20. f5 $40 (20. f5 {
Ftacnik} Qa4 21. f6 Qg4 22. Ne7+ Kh8 23. fxg7+ Kxg7 24. Qf2 Qe6 (24... Qd4 25.
Be3 Qxe5 26. Nc6 $18) (24... f6 25. exf6+ Kh8 26. Bh6 $18) 25. Bg5 $16)) (18...
Nxc3 $1 $11 {[%csl Gc1,Gc8]}) (18... Nxc3 {Ftacnik} 19. Qxc3 Qb6) 19. exd6 Nf5
(19... Qxd6 $2 {[%csl Re7]} 20. Rd1 Qf6 21. Ne4 (21. f5 $3 {Ftacnik} Rb7 22.
Bg5 Nxf5 (22... Qb6 23. Bxe7 Rxa7 24. Nd5 $18) 23. Bxf6 Nxg3 24. Rxb7 Bxb7 25.
Be7 $16) (21. Ne4 Qe6 22. f5 (22. Nxc5 Qb6 23. Rxe7 Qxc5+ 24. Qe3 Qxc2 25. Re1
$14) 22... Qxe4 23. Qxb8 Nc6)) (19... Nc6 20. f5 {[%csl Rg7][%cal Gc1h6,Yf5f6]}
(20. Rc7) (20. Rc7 {Ftacnik} Qxd6 21. f5 Qxg3 22. hxg3 Nd4 23. Rxc5 $14) 20...
Nxa7 21. f6 g6 22. Qg5 Kh8 (22... Bf5 23. Ne4 $1 Bxe4 24. Qh6 Qxf6 25. Rxf6)
23. Rf4 Re8 (23... Qxd6 24. Qh6 Rg8 25. Qxh7+ $1 Kxh7 26. Rh4#) (23... Rg8 24.
Rh4 $18) 24. Qh6 Re1+ 25. Kf2 Qg8 26. Kxe1 $16) 20. Qf2 Qb6 $2 (20... c4 21. d7
{[%csl Gd7]}) (20... Qxd6 21. Ne4 {[%csl Rc5]} (21. Ne4 {Ftacnik} Qd5 22. Nxc5
Re8 23. Ra3 $16)) (20... Nd4 $8) 21. Rc7 {[%csl Rc5]} Nd4 (21... Qxd6 {Ftacnik}
22. Rxc5 b4 23. Rd1 Qg6 24. Nd5 $18) (21... Nxd6 {Ftacnik} 22. Nd5 Qa5 23. Qxc5
$18) 22. f5 $1 {[%csl Rg7][%cal Gc1h7,Yf5f6]} b4 (22... Bxf5 23. Bf4 {[%csl
Gd6,Re7,Rf6][%cal Yc3d5] /\ 24.Nd5} Be6 (23... Bxc2 24. Nd5 Qa5 25. Be5 $18)
24. Ne4 {[%csl Rc5]} (24. Be5 {Ftacnik} Nc6 25. Bxg7 Kxg7 26. Qf6+ Kg8 27. Rf3
c4+ 28. Kh1 $18) 24... Rbc8 25. Be5 {[%csl Rg7]} Rxc7 (25... f6 26. Nxf6+ Rxf6
27. Rxg7+) 26. Nf6+ Kh8 (26... gxf6 27. Qg3+) 27. Qh4 h6 (27... Bf5 28. Rxf5 h6
29. Rh5 $18) 28. Nd5 $1 $18 {[%csl Rg7][%cal Rh4h6]}) (22... Nxf5 {Ftacnik} 23.
Rxc8 Rbxc8 24. d7 Rcd8 25. Qxf5 $18) 23. f6 $1 g6 (23... bxc3 24. fxg7 Kxg7 25.
Rxf7+ Rxf7 26. Qxf7+ Kh8 27. Qf8#) (23... Bf5 24. Nd5 Qxd6 25. Ne7+ Kh8 26.
fxg7+ Kxg7 27. Nxf5+ Nxf5 28. Qxf5 Qxc7 29. Bh6+ $1 Kxh6 30. Qf6+ Kh5 31. Rf5+
Kg4 32. Qg5#) (23... Qxd6 24. fxg7 Qxc7 (24... Kxg7 25. Rxf7+ Rxf7 26. Qxf7+
Kh8 27. Qe8+ (27. Bg5 Rb7 28. Bf6+ $18)) 25. Nd5 (25. gxf8=Q+ {Ftacnik} Kxf8
26. Bf4 Qb7 27. Bxb8 bxc3 28. Bd6+ $18) 25... Qd6 (25... Qa7 26. Bh6 $1) 26.
gxf8=Q+ Qxf8 27. Bh6 $1 $18 (27. Qg3+ Bg4 28. Qxg4+ $18)) 24. Nd5 Qxd6 25. Ne7+
Kh8 26. Bh6 {[%csl Rh8][%cal Yh6g7]} (26. Bh6 Ne6 (26... Rg8 27. Bg7+ Rxg7 28.
fxg7+ Kxg7 29. Qxf7+ Kh6 30. Nxc8) (26... Nf5 27. Qxf5) 27. Rc6 Qd4 28. Qxd4
cxd4 29. Rxe6 Rg8 30. Rd6 $18) 1-0